000 01133cab a2200241 4500
001 WB3430-30
008 090401t1998 xxu||||| |||| 00| 0 eng d
035 _a(Sirsi) u87839
041 _aeng
245 _aLease rectification
260 _c1998
350 _a0
490 _aEstates Gazette
_v[1998] EGCS 123 (31/07/1998)
520 _a"Nurdin and Peacock plc v D B Ramsden and Co Ltd", ChD 17 July 1998. R owned leasehold premises from which it ran a business. R sold business to L on a sublease subject to upwards-only rent reviews. N became sole owner of L and proprietor of the sublease. In 1997 N was taken over and R sought rectification of lease to accord with alleged prior agreement for additional payment of rent. Judge found R had failed to establish the necessary common intention that the lease should be in the form contended for.
650 _aCOVENANTS
650 _aLEASE RECTIFICATION
650 _aNURDIN AND PEACOCK PLC V D B RAMSDEN AND CO LTD
650 _aRENT REVIEWS
650 _aSUBLEASES
690 _aLANDLORD AND TENANT-BUSINESS TENANCIES-CASE LAW
942 _n0
948 _c05/08/1998
999 _c55438
_d55438